Anteproyecto de diseño arquitectónico de centro oftalmológico especializado de Nicaragua
Presenta anteproyecto del centro oftalmológico especializado de Nicaragua, apoyado por el análisis de normativas y regulaciones vigentes, consultas a expertos y el estudio de modelos análogos, el anteproyecto cumple con los requerimientos funcionales, formales, constructivos y ajustados a las con...
| Main Author: | |
|---|---|
| Other Authors: | |
| Format: | Tesis Section = Libro |
| Language: | Undetermined Spanish |
| Published: |
Managua
UNI
2011
|
| Subjects: |
| LEADER | 01057nam a2200217Ia 4500 | ||
|---|---|---|---|
| 008 | 240830s9999 xx 000 0 und d | ||
| 040 | |a BIBLIOTECA-RUSB/ T.Mon 725.5 C764 | ||
| 041 | |a spa | ||
| 082 | |a T.Mon 725.5 C764 | ||
| 100 | 1 | |a Contreras Méndez, Marcela | |
| 245 | 1 | 0 | |a Anteproyecto de diseño arquitectónico de centro oftalmológico especializado de Nicaragua |
| 260 | |a Managua |b UNI |c 2011 | ||
| 300 | |a 57 p. :il. | ||
| 500 | |a Contiene: anexos e Incluye: CD. | ||
| 502 | |a Tesis (Arquitecto) - UNI, 2011. | ||
| 520 | 3 | |a Presenta anteproyecto del centro oftalmológico especializado de Nicaragua, apoyado por el análisis de normativas y regulaciones vigentes, consultas a expertos y el estudio de modelos análogos, el anteproyecto cumple con los requerimientos funcionales, formales, constructivos y ajustados a las condiciones particulares del sitio de Nicaragua. | |
| 650 | 7 | |a CENTROS MEDICOS - OFTALMOLOGIA ARQUITECTURA - DISEÑOS Y PLANOS | |
| 700 | 1 | |a Tutor: |b Espinoza Paniagua, Yara | |
| 942 | |c BK |2 ddc | ||
| 991 | |a TESIS | ||
| 999 | |c 22051 | ||